| 000 | 00883nam a2200253 i 4500 | ||
|---|---|---|---|
| 001 | 18258 | ||
| 003 | ES-MaACL | ||
| 005 | 20250806060124.0 | ||
| 007 | t| | ||
| 008 | 011010s2001 sp |||| | spa d | ||
| 020 | _a84-7908-572-X | ||
| 080 | _a94(=411.21:460)"1609/14" | ||
| 100 | 1 |
_aLea, Henry Charles. _970943 |
|
| 245 | 1 | 4 |
_aLos moriscos españoles _b: su conversión y expulsión / _cHenry Charles Lea ; estudio preliminar y notas de Rafael Benítez Sánchez-Blanco. |
| 260 |
_aAlicante : _bUniversidad de Alicante, _c[2001] |
||
| 300 |
_a488 p. ; _c23 cm. |
||
| 490 | 1 |
_aNorte crítico ; _v3 |
|
| 650 | 1 | 4 |
_aMoriscos- _xHistoria- _y1609-1614, Expulsión. _9148575 |
| 700 | 1 |
_aBenítez Sánchez-Blanco, Rafael. _927649 |
|
| 710 | 2 |
_aUniversidad de Alicante _97138 |
|
| 830 | 0 |
_aNorte crítico ; _v3 _9180441 |
|
| 852 |
_aES-MaACL _jL-24968 |
||
| 999 |
_c18258 _d18258 |
||